|
|
|
|
| LEADER |
00000nam0a2200000 4500 |
| 001 |
241777 |
| 005 |
20231101231837.0 |
| 010 |
|
|
|a 9785977602815
|
| 010 |
|
|
|a 978-5-16-009005-4
|
| 035 |
|
|
|a (RuTPU)RU\TPU\book\263065
|
| 090 |
|
|
|a 241777
|
| 100 |
|
|
|a 20130819d2013 m y0rusy50 ca
|
| 101 |
0 |
|
|a rus
|
| 102 |
|
|
|a RU
|
| 105 |
|
|
|a a j 001zy
|
| 200 |
1 |
|
|a Философия рекламной деятельности
|e учебное пособие для вузов
|f Л. М. Дмитриева [и др.]
|g Омский государственный технический университет (ОмГТУ)
|
| 210 |
|
|
|a Москва
|c Инфра-М
|d 2013
|
| 215 |
|
|
|a 255 с.
|c ил.
|
| 320 |
|
|
|a Библиография в примечаниях.
|
| 320 |
|
|
|a Краткий словарь терминов: с. 241-245.
|
| 330 |
|
|
|a В пособии реклама исследуется в двух направлениях. Первое из них — поиск взаимосвязи, сходства и различий с другими феноменами культуры для осмысления феномена рекламы. Второе направление — исследование эвристического потенциала рекламы и ее способности к порождению новых культурных феноменов (бренд, рекламный стиль мышления, рекламный образ и т.д.), оказывающих существенное влияние на культуру и сознание. Философское осмысление подобных феноменов, а также новых, связанных с ними видов рекламы необходимо для понимания места и роли рекламы в современной жизни, особенностей ее функционирования и прогнозирования дальнейших изменений.Раздел «Творческие задания» предполагает самостоятельное выполнение различных креативных упражнений, направленных на формирование и закрепление навыков рекламного творчества.
|
| 606 |
1 |
|
|a Реклама
|2 stltpush
|3 (RuTPU)RU\TPU\subj\24860
|9 49135
|
| 610 |
1 |
|
|a рекламная деятельность
|
| 610 |
1 |
|
|a философия
|
| 610 |
1 |
|
|a методология
|
| 610 |
1 |
|
|a рекламные коммуникации
|
| 610 |
1 |
|
|a мышление
|
| 610 |
1 |
|
|a креативность
|
| 610 |
1 |
|
|a креативное мышление
|
| 610 |
1 |
|
|a рекламные образы
|
| 610 |
1 |
|
|a виртуальная среда
|
| 610 |
1 |
|
|a учебные пособия
|
| 675 |
|
|
|a 659(075.8)
|v 3
|
| 701 |
|
1 |
|a Дмитриева
|b Л. М.
|
| 701 |
|
1 |
|a Красноярова
|b Л. М.
|
| 701 |
|
1 |
|a Анашкина
|b Н. А.
|
| 701 |
|
1 |
|a Ткаченко
|b О. О.
|
| 701 |
|
1 |
|a Сибин
|b М. С.
|
| 701 |
|
1 |
|a Пендикова
|b И. Г.
|
| 701 |
|
1 |
|a Швецов
|b И. В.
|
| 701 |
|
1 |
|a Вегенер
|b Ю. С.
|
| 712 |
0 |
2 |
|a Омский государственный технический университет (ОмГТУ)
|c (1993- )
|2 stltpush
|3 (RuTPU)RU\TPU\col\394
|
| 801 |
|
1 |
|a RU
|b 63413507
|c 20130819
|
| 801 |
|
2 |
|a RU
|b 63413507
|c 20150707
|g RCR
|
| 900 |
|
|
|a Философия рекламы
|
| 942 |
|
|
|c BK
|
| 951 |
|
|
|b 031600
|
| 959 |
|
|
|a 109/20130819
|d 2
|e 279,90
|f ЧЗГЛ:1
|f АНЛ:1
|